Ο Ύπνος και το Όνειρο (Record no. 107)
[ view plain ]
| 000 -LEADER | |
|---|---|
| fixed length control field | 01503cam a22002174a 4500 |
| 005 - ΗΜΕΡΟΜΗΝΙΑ ΚΑΙ ΩΡΑ ΤΕΛΕΥΤΑΙΑΣ ΕΝΗΜΕΡΩΣΗΣ | |
| Πεδίο ελέγχου | 20250605163924.0 |
| 008 - FIXED-LENGTH DATA ELEMENTS--GENERAL INFORMATION | |
| Πεδίο ελέγχου σταθερού μήκους | 250528s ||||||||||||||||||||||||d |
| 035 ## - SYSTEM CONTROL NUMBER | |
| System control number | 14478 |
| 020 ## - ISBN | |
| ISBN | 9607023242 |
| 040 ## - ΠΗΓΗ ΚΑΤΑΛΟΓΟΓΡΑΦΗΣΗΣ | |
| Φορέας πρωτότυπης καταλογογράφησης | MC Athens Campus Library |
| Γλώσσα καταλογογράφησης | Ελληνικά, Μοντέρνα (1453-) |
| Modifying agency | MC Athens Campus Library |
| Κανόνες περιγραφικής καταλογογράφησης | AACR2 |
| 245 1# - ΤΙΤΛΟΣ ΚΑΙ ΔΗΛΩΣΗ ΥΠΕΥΘΥΝΟΤΗΤΑΣ | |
| Τίτλος | Ο Ύπνος και το Όνειρο |
| 250 ## - EDITION STATEMENT | |
| Edition statement | 1η |
| 260 ## - PUBLICATION, DISTRIBUTION, ETC. | |
| Name of publisher, distributor, etc. | Κάτοπτρο, |
| Date of publication, distribution, etc. | 1993 |
| 300 ## - PHYSICAL DESCRIPTION | |
| Extent | 232 |
| 520 ## - SUMMARY, ETC. | |
| Summary, etc. | Ο επιστήμονας που ανακάλυψε τον παράδοξο ύπνο μας καλεί να γνωρίσουμε τον κόσμο των ονείρων. Πρόλογος, Εισαγωγή, Στο Λαβύρινθο του Ύπνου, Η Φυσική Ιστορία του Ονείρου, Μνήμες και ''Διαχωρισμένος Εγκέφαλος'' Κατά τη Διάρκεια του Ονείρου, Η Ονειρική Συμπεριφορά, Αποτελεί ο Παράδοξος Ύπνος τη Νευροβιολογική Απόδειξη της Ονειρικής Δραστηριότητας;, Ο Ύπνος και η Άλλη Όψη του Πνεύματος, Οι Λειτουργίες του Ονείρου, Είναι ο Παράδοξος Ύπνος ο Φύλακας της Ψυχολογικής Εξατομίκευσης;, Επίλογος, Βιβλιογραφία, Ευρετήριο Ονομάτων και Όρων. |
| 700 1# - ΠΡΟΣΘΕΤΗ ΑΝΑΓΡΑΦΗ--ΦΥΣΙΚΟ ΠΡΟΣΩΠΟ | |
| Personal name | Jouvet Michel |
| 9 (RLIN) | 162 |
| 700 1# - ΠΡΟΣΘΕΤΗ ΑΝΑΓΡΑΦΗ--ΦΥΣΙΚΟ ΠΡΟΣΩΠΟ | |
| Personal name | Τζαβάρας Θανάσης |
| 9 (RLIN) | 163 |
| 942 ## - ADDED ENTRY ELEMENTS (KOHA) | |
| Koha item type | Books |
| Τύπος τεκμηρίου | Βιβλιοθήκη | Τρέχουσα τοποθεσία | Barcode | Αριθμός εισαγωγής | Ημερομηνία απόκτησης | Ταξιθετικό σύμβολο | Αριθμός αντιτύπου | Κατάσταση απόσυρσης | Κατάσταση χαμένου | Κατάσταση κατεστραμμένου | Μη δανεισμός | Σύνολο δανεισμών | Ημερομηνία τελευταίας εμφάνισης | Η τιμή ισχύει από |
|---|---|---|---|---|---|---|---|---|---|---|---|---|---|---|
| Books | MC Athens Campus Library | MC Athens Campus Library | 9780000001061 | 9898 | 05/06/2025 | 612.821 JOU | 1 | 05/06/2025 | 05/06/2025 |